|
|
|
|
| LEADER |
00000cam a2200000 a 4500 |
| 001 |
vtls001325790 |
| 003 |
SK-MaSNL |
| 005 |
20260301114235.0 |
| 008 |
240702s1997 xo a gr 0000f slo |
| 015 |
|
|
|a SNBA1998/08-02657
|
| 020 |
|
|
|a 8071531308
|
| 035 |
|
|
|a SNK000278548
|
| 035 |
|
|
|a urn:nbn:sk:snk-amltjs
|
| 035 |
|
|
|a urn:nbn:sk:snk-am00cc35
|
| 035 |
|
|
|a 91BD3B4C-CEC0-4CEA-9049-623D5523019C
|
| 040 |
|
|
|a SNK
|b slo
|c SNK
|e AACR2
|
| 041 |
1 |
|
|a slo
|h ger
|
| 044 |
|
|
|a xo
|c SK
|
| 072 |
|
7 |
|a 821.112.2-3
|x Nemecká próza, nemecky písaná
|2 konspekt
|
| 080 |
|
|
|a 830-3(087.5)
|2 1981
|
| 080 |
|
|
|a (0:82-311.3)
|2 2011
|
| 080 |
|
|
|a 821.112.2-31
|2 2011
|
| 100 |
1 |
|
|a May, Karl,
|d 1842-1912
|4 aut
|9 98469
|
| 240 |
1 |
0 |
|a Karl May in Wort und Bild: Winnetou und Shatterhand
|l Slovensky
|
| 245 |
1 |
0 |
|a Winnetou a Old Shatterhand
|c Karl May ; originálny text Karla Maya skrátil Johannes Nixdorf ; ilustroval Heinz Osthoff ; [z nemeckého originálu preložili Silvia Varsiková a Vladimír Varsik]
|
| 260 |
|
|
|a Bratislava
|b Fortuna Print
|c 1997
|
| 300 |
|
|
|a 157 s.
|b ilustr. (prevažne fareb.)
|c 27 cm
|
| 500 |
|
|
|a Ilustr. na tit. strane a predsádkach
|
| 500 |
|
|
|a Obalový názov
|
| 500 |
|
|
|a Údaj o prekl. prevzatý z tiráže
|
| 655 |
|
7 |
|a dobrodružné romány
|2 SNKPH
|9 70486
|
| 655 |
|
7 |
|a nemecké romány
|2 SNKPH
|9 70433
|
| 700 |
1 |
|
|a Nixdorf, Johannes,
|d 1898-1977
|4 aut
|9 248455
|
| 700 |
1 |
|
|a Varsiková, Silvia
|4 trl
|9 47550
|
| 700 |
1 |
|
|a Varsik, Vladimír,
|d 1964-
|4 trl
|9 191066
|
| 852 |
|
|
|a Slovenská národná knižnica
|
| 919 |
|
|
|a 80-7153-130-8
|
| 954 |
|
|
|a beletria cudzojazyčná (svetová)
|2 lita
|
| 958 |
|
|
|a TL
|
| 958 |
|
|
|a UP
|
| 958 |
|
|
|a LX
|
| 958 |
|
|
|a NS
|
| 958 |
|
|
|a DE
|
| 968 |
|
|
|b DT
|
| 999 |
|
|
|c 717613
|d 719543
|
| 952 |
|
|
|t P60, <03>, [BOOK], {603}
|a SNK
|b SNK
|y PREZ
|7 0
|p 17A0130213
|o snkSB 58473
|i snkKSP 3269/98
|0 0
|1 0
|4 0
|d 1998-03-27
|f 1
|l 0
|r 2017-06-30 00:00:00
|w 2026-02-23
|
| 952 |
|
|
|t P60, <04>, [BOOK], {605}
|a SNK
|b SNK
|y VYP
|7 0
|p 17A0130214
|o snkSB 58473 D1
|i snkKSP 3270/98
|0 0
|1 0
|4 0
|d 1998-03-27
|l 0
|r 2005-01-02 00:00:00
|w 2026-02-23
|